| 000 | 00942nam a22003255b 4500 | ||
|---|---|---|---|
| 001 | 244326 | ||
| 003 | DO-SdBNP | ||
| 005 | 20180222152636.0 | ||
| 007 | 244326 | ||
| 008 | 920526s1982 sp | |||| ||spa | ||
| 016 | 7 |
_a _2BPMSU |
|
| 017 |
_a _b |
||
| 020 | _a842044782X | ||
| 035 | _a | ||
| 040 |
_aBPMSU _bspa _cBPMSU _e |
||
| 041 | 1 |
_aspa _h |
|
| 080 | 0 | _a | |
| 100 | 1 |
_aDurrell, Gerald _d1925-1995 |
|
| 240 | 1 | 4 |
_aThe donkey rustlers _lespañol |
| 245 | 1 | 4 |
_aLos secuestradores de burros / _h _cGerald Durrell ; traducción de Mª Luisa Balseiro ; ilustraciones de Mabel Álvarez |
| 260 |
_aMadrid _bAlfaguara _c1982 |
||
| 300 |
_a177 p. : _bil.; _c19 cm |
||
| 490 | _aJuvenil Alfaguara | ||
| 700 | 1 |
_aBalseiro, María Luisa _etr. |
|
| 700 | 1 |
_aÁlvarez, Mabel _d1951- _eil. |
|
| 830 | _aJuvenil Alfaguara | ||
| 942 |
_2ddc _cBK |
||
| 945 | _ainventariado, 2018 / dg | ||
| 956 |
_aVMATEO _210 _320160421 _6BPMSU _80069 |
||
| 999 |
_c9886 _d9886 |
||